| 000 | 00697nam a2200241 a 4500 | ||
|---|---|---|---|
| 999 |
_c649 _d649 |
||
| 001 | 649 | ||
| 003 | BD-JhCC | ||
| 005 | 20171008125450.0 | ||
| 008 | 500101s1965 enka 001 0 eng d | ||
| 035 | _a(BD-JhCC) 649 | ||
| 040 |
_aYDM _cYDM _dUKM _dEQO _dBD-JhCC |
||
| 041 | _aeng | ||
| 082 |
_a507.24 _bBEL 1965 |
||
| 100 | 1 | _aBeleson, A. G. | |
| 245 | 1 | 0 |
_aTechniques and apparatus for the science teacher / _c[by] A.G. Beleson and H. Creaser |
| 260 |
_aLondon : _bOxford University, _c1965 |
||
| 300 |
_av, 160 p. : _bill. ; _c22 cm. |
||
| 650 | 0 |
_aScience _xStudy and teaching |
|
| 650 | 0 | _aScientific apparatus and instruments | |
| 700 | 1 | _aCreaser, Henry | |
| 942 |
_2ddc _cBK |
||